00751nam a22001097a 4500040000800000082002700008100001700035245045000052260002600502300002600528856008700554 cRUA aAVM KOU 2011 B097 Or.1 aKOU, THEARA. aEffect of fresh water spinach (Ipomoea aquatica) and fresh mulberry (morus alba) leaves on growing local chicken with basal diets of rice bran and broken rice, ប្រសិទ្ធភាពនៃត្រកួនស្រស់ និងស្លឹកបនស្រស់លើការលូតលាស់មាន់ស្រុកដោយមានកន្ទក់ និងចុងអង្ករជាចំណីគ្រឹះ  aPhnom PenhbRUAc2011 aix; 52p.bill.c29cm. uhttps://drive.google.com/file/d/1yiC0SmQLxxL31CcXzFmIVS0L6i2-ox8S/view?usp=sharing